| 000 | 00485nam a2200181Ia 4500 | ||
|---|---|---|---|
| 005 | 20250317122901.0 | ||
| 008 | 008 250317s9999 xx 000 0 eng d | ||
| 037 | _aTextbook | ||
| 040 |
_aFMSL _beng _cFMSL |
||
| 041 |
_aeng _2eng |
||
| 084 |
_aBX:8 N2 _qFMSL |
||
| 100 |
_aHanes B _9735436 |
||
| 245 | 0 | _aMathematics for management science | |
| 260 |
_aOhio _bOhio, Merrill _c1962 |
||
| 300 | _a718p | ||
| 942 |
_cTB _hBX:8 N2 |
||
| 999 |
_c1249030 _d1249030 |
||